Państwa na Literę A - Statystyki

Ogólne statystyki
  • Ten quiz został rozwiązany 197 razy
  • Średni wynik to 10 z 12
Statystyki odpowiedzi
Kontynent Państwo % Poprawnych
Oceania Australia
96%
Europa Andora
90%
Europa Austria
90%
Ameryka Południowa Argentyna
88%
Europa Albania
86%
Afryka Angola
86%
Azja Azerbejdżan
86%
Azja Armenia
83%
Azja Afganistan
78%
Afryka Algieria
73%
Ameryka Północna Antigua i Barbuda
69%
Azja Arabia Saudyjska
64%
Nie znaleziono quizów pasujących do podanych kryteriów
Rozkład punktacji
Procent ludzi z każdym wynikiem
Percentyl według liczby udzielonych odpowiedzi
Twoja historia wyników
Nie rozwiązałeś tego quizu